Marvel and DC Teams Quiz Stats

 Plays Quiz not verified by Sporcle

Support Sporcle.
Go Orange.
Score 0/61 Timer 10:00
1 Play Today
Team Name Members % Correct
Fantastic Four Original TeamHuman Torch
89.9%
Fantastic Four Original TeamThing
89.8%
Justice League Original Team (1960)Batman
87.6%
Fantastic Four Original TeamInvisible Woman
86.5%
Justice League Original Team (1960)Superman
86.3%
Fantastic Four Original TeamMr Fantastic
86%
New Avengers Original Team (2005)Iron Man
84.5%
Justice League Original Team (1960)Wonder Woman
83.7%
Justice League Original Team (1960)The Flash
81%
New Avengers Original Team (2005)Captain America
80.2%
X-Men Original Team (1663-1966)Cyclops
80.2%
Justice League Original Team (1960)Green Lantern
78.5%
X-Men Original Team (1663-1966)Professor X
78.1%
X-Men Original Team (1663-1966)Beast
75.7%
X-Men Original Team (1663-1966)Phoenix
75.6%
Brotherhood of Mutants Original Team (1964)Magneto
74.8%
Justice League Original Team (1960)Aquaman
73.6%
New Avengers Original Team (2005)Wolverine
72.2%
New Avengers Original Team (2005)Spider-Man
69.8%
X-Men Original Team (1663-1966)Iceman
69.3%
Justice League Original Team (1960)Martian Manhunter
67.8%
Sinister Six Original TeamDoctor Octopus
67.1%
X-Men Original Team (1663-1966)Angel
66.6%
Brotherhood of Mutants Original Team (1964)Toad
62.2%
Legion of DoomLex Luthor
62%
Brotherhood of Mutants Original Team (1964)Quicksilver
59.3%
Sinister Six Original TeamElectro
59.2%
Sinister Six Original TeamVulture
58.9%
Brotherhood of Mutants Original Team (1964)Scarlet Witch
58.5%
Sinister Six Original TeamSandman
57.6%
Gotham City SirensCatwoman
57.4%
Team Name Members % Correct
Sinister Six Original TeamMysterio
54.2%
Gotham City SirensPoison Ivy
53.7%
Gotham City SirensHarley Quinn
53.4%
Sinister Six Original TeamKraven the Hunter
53%
Excalibur Original Team (1987)Nightcrawler
46.6%
Legion of DoomCheetah
44.7%
Excalibur Original Team (1987)Captain Britain
44.3%
New Avengers Original Team (2005)Luke Cage
42.5%
Legion of DoomSinestro
41.5%
Excalibur Original Team (1987)Shadowcat
40.4%
Legion of DoomGorilla Grodd
40.2%
Legion of DoomCaptain Cold
38.8%
Legion of DoomBlack Manta
38%
Legion of DoomThe Riddler
37.8%
Legion of DoomSolomon Grundy
36.3%
Legion of DoomBrainiac
33.6%
Legion of DoomBizarro
33.4%
Legion of DoomThe Scarecrow
33.3%
Excalibur Original Team (1987)Phoenix
32.4%
Brotherhood of Mutants Original Team (1964)Mastermind
32.4%
Legion of DoomGiganta
30.8%
Excalibur Original Team (1987)Meggan
29.6%
New Avengers Original Team (2005)Sentry
29.3%
Legion of DoomToyman
28.2%
Excalibur Original Team (1987)Lockheed
23.5%
New Avengers Original Team (2005)Echo
23.4%
Titanic ThreeRadioactive Man
17.6%
Titanic ThreeTitanium Man
17.2%
Brotherhood of Mutants Original Team (1964)Astra
12.7%
Titanic ThreeCrimson Dynamo
11.1%

You're not logged in!

Compare scores with friends on all Sporcle quizzes.
OR
Log In

From the Vault

Any Doctors in the House? (Logic Puzzle)

by wildebeest

Doctors make the worst patients, but good logic quizzes.
Remove Ads.
Support Sporcle.
Get the best of Sporcle when you Go Orange. This ad-free experience offers more features, more stats, and more fun while also helping to support Sporcle. Thank you for becoming a member.

Show Comments

Extras

Top Quizzes Today


Score Distribution

Your Account Isn't Verified!

In order to create a playlist on Sporcle, you need to verify the email address you used during registration. Go to your Sporcle Settings to finish the process.

Report this User

Report this user for behavior that violates our Community Guidelines.

Details: